000 00547nam a2200193Ia 4500
003 OSt
005 20240624120147.0
008 210210b1956 xxu||||| |||| 00| 0 eng d
040 _cAL
041 _aKannada
082 _a851/435
100 _aSHANKARANARAYANA NAVADA
_9142359
_dಶಂಕರನಾರಾಯಣ ನಾವಡ
245 _aBalagelati
_bಬಾಳಗೆಳತಿ
260 _aKotekaru
_bSahityanjali Granthamale
_c1956
650 _aBalagelati
_9142360
690 _aKannada Poetry
_9142361
906 _a018452
942 _2ddc
_cBK
999 _c141914
_d141914